| 000 | 00769 a2200205 4500 | ||
|---|---|---|---|
| 003 | Nust | ||
| 005 | 20201112153121.0 | ||
| 038 | _asaima | ||
| 040 | _cNust | ||
| 082 | _a621.382 | ||
| 100 |
_aSarwar, Sajjad (MSEE-16) _935230 |
||
| 245 |
_aVisual object trackig using powell's direct set method for object localization and kalman filter for occlusion handling _cSajjad Sarwar, |
||
| 260 |
_aRawalpindi _c2012 _bMCS, NUST |
||
| 300 | _axi, 57, p; | ||
| 505 | _aIntroduction (page-1) Literature review (page-6) Datasets (page-13) Proposed tracking algorithm (page-19) Rsults and analysis (page-32) Conclusion and future directions (page-49) | ||
| 538 | _aAlmirah No 69 Shelf No 2 | ||
| 650 |
_aPG Thesis _935000 |
||
| 651 |
_aMSEE-16 _935231 |
||
| 942 |
_cTHE _2ddc |
||
| 999 |
_c190565 _d190565 |
||